週刊少年ジャンプ短期打ち切り漫画(2015~) - Statistics

General Stats
  • This quiz has been taken 5 times
  • The average score is 32 of 78
Answer Stats
連載開始 連載終了 タイトル % Correct
2017.12 2017.29 ポロの留学記
100%
2020.24 2020.39 タイムパラドクスゴーストライター
100%
2021.20 2021.41 アメノフル
100%
2023.23 2023.42 ドリトライ
100%
2025.10 2025.30 エンバーズ
100%
2019.24 2020.17 サムライ8 八丸伝
100%
2025.11 2025.31 Bの星線
100%
2015.11 2015.51 カガミガミ
67%
2017.48 2018.12 ゴーレムハーツ
67%
2019.03 2019.24 獄丁ヒグマ
67%
2020.10 2020.29 魔女の守人
67%
2020.21/22 2020.38 ボーンコレクション
67%
2020.30 2021.29 灼熱のニライカナイ
67%
2020.41 2021.08 ぼくらの血盟
67%
2021.09 2021.30 アイテルシー
67%
2021.11 2021.31 クーロンズ・ボール・パレード
67%
2021.30 2021.49 レッドフード
67%
2021.50 2022.26 アヤシモン
67%
2021.51 2022.27 守れ!しゅごまる
67%
2022.12 2022.40 地球の子
67%
2022.23 2022.46 すごいスマホ
67%
2023.30 2023.50 アイスヘッドギル
67%
2023.41 2024.19 魔々勇々
67%
2023.43 2024.20 ツーオンアイス
67%
2023.52 2024.28 グリーングリーングリーンズ
67%
2024.24 2024.41 さいくるびより
67%
2024.29 2024.50 妖怪バスター村上
67%
2023.01 2023.40 人造人間100
67%
2021.31 2021.50 NERU -武芸道行-
67%
2017.11 2017.28 U19
67%
2015.33 2015.52 ベストブルー
33%
2015.42 2016.34 ものの歩
33%
2015.51 2016.10 バディストライク
33%
2016.24 2016.44 たくあんとバツの日常閻魔帳
33%
2016.45 2017.12 歪のアマルガム
33%
2016.52 2017.13 オレゴラッソ
33%
2017.28 2018.06 シューダン!
33%
2017.47 2018.12 フルドライブ
33%
2018.15 2018.38 ノアズノーツ
33%
2018.31 2018.51 アリスと太陽
33%
2018.42 2019.26 思春期ルネサンス!ダビデ君
33%
2019.14 2019.38 最後の西遊記
33%
2019.15 2019.52 神緒ゆいは髪を結い
33%
2019.25 2019.52 ふたりの太星
33%
2019.27 2020.02 トーキョー忍スクワッド
33%
2019.40 2020.36/37 ミタマセキュ霊ティ
33%
2020.39 2021.18 仄見える少年
33%
2021.52 2022.39 ドロンドロロン
33%
2022.52 2023.20 イチゴーキ!操縦中
33%
2023.19 2023.41 テンマクキネマ
33%
2023.29 2024.11 アスミカケル
33%
2024.01 2024.21 累々戦記
33%
2024.21 2024.40 極東ネクロマンス
33%
2024.51 2025.29 シド・クラフトの最終推理
33%
2022.27 2022.47 ALIENS AREA
33%
2020.50 2021.19 BUILD KING
33%
2024.43 2025.10 白卓 HAKUTAKU
33%
2019.02 2019.22/23 ne0;lation
33%
2018.24 2018.40 ジガ -ZIGA-
33%
2015.01 2015.24 学糾法廷
0%
2015.13 2015.24 改造人間ロギイ
0%
2015.25 2015.41 レディ・ジャスティス
0%
2015.26 2015.42 デビリーマン
0%
2016.38 2016.50 ラブラッシュ!
0%
2016.39 2016.50 レッドスプライト
0%
2016.51 2017.12 デモンズプラン
0%
2017.13 2017.46 腹ペコのマリー
0%
2017.29 2018.07 クロスアカウント
0%
2018.30 2018.50 キミを侵略せよ!
0%
2019.26 2020.01 ビーストチルドレン
0%
2020.20 2021.07 森林王者モリキング
0%
2022.40 2023.18 大東京鬼嫁伝
0%
2022.41 2023.19 ギンカとリューナ
0%
2022.50 2023.49 一ノ瀬家の大罪
0%
2018.07 2018.20 BOZEBEATS
0%
2024.12 2024.29 Dear Anemone
0%
2015.14 2015.31 Ultra Battle Satellite
0%
2020.01 2020.19 ZIPMAN!!
0%
No matching quizzes found
Score Distribution
Percent of People with Each Score
Percentile by Number Answered
Your Score History
You have not taken this quiz